| 000 | 00936cab a2200265 4500 | ||
|---|---|---|---|
| 001 | WB3209-47 | ||
| 008 | 090401t1996 xxu||||| |||| 00| 0 eng d | ||
| 035 | _a(Sirsi) u40370 | ||
| 041 | _aeng | ||
| 245 | _aAircraft hazard | ||
| 260 | _c1996 | ||
| 350 | _a0 | ||
| 490 |
_aEstates Gazette Case Summaries _v[1996] EGCS 26(1) (24/02/96) |
||
| 520 | _a"Blue Circle Industries plc v SoS Wales and another" QBD 12 February 1996. An application to use a quarry as a landfill site was refused on the grounds that the putrescent waste would attract birds and thereby pose a threat to aircraft at nearby Cardiff airport. | ||
| 650 | _aAIRPORTS | ||
| 650 | _aAVIATION HAZARDS | ||
| 650 | _aBIRDS | ||
| 650 | _aBLUE CIRCLE INDUSTRIES PLC V SOS WALES AND ANOTHER | ||
| 650 | _aLANDFILL SITES | ||
| 650 | _aQUARRIES | ||
| 650 | _aTIP LEACHATE | ||
| 690 | _aPLANNING LAW AND PRACTICE-CASE LAW | ||
| 942 | _n0 | ||
| 948 | _c04/03/1997 | ||
| 999 |
_c25869 _d25869 |
||